000 01734nam a2200313 a 4500
001 000048237
003 DO-SdBNP
005 20260415174539.0
008 100406s2015 dr ac 000 0bspa d
020 _a9789945462807
040 _aDO-SdBNP
_bspa
_cBNPHU
082 _a923.57293
_bF363I, 2015
245 0 0 _aIdeario del coronel Fernández Domínguez 1934-1965 /
_ccompilador, Héctor Lachapelle Díaz ; prólogo, Mariano Lebrón Saviñón.
250 _a5a. ed.
260 _aSanto Domingo :
_bComisión Permanente de Efemérides Patrias,
_c2015.
300 _a195 p. :
_bil., retr. ;
_c24 cm.
490 0 _a50 aniversario de la Gesta Patriótica de Abril de 1965
_v2
500 _aIncluye índice onomástico.
500 _aIncluye notas al pie de las páginas.
505 0 _aPresentación --Prólogo -- Presentación a la cuarta edición -- Agradecimientos -- Cronología del coronel Rafael Tomás Fernández Domínguez -- Decisión -- Los yanquis -- La historia -- La fe -- La esperanza -- La libertad -- Las leyes -- Militares -- Policía nacional -- Patriotismo -- Deber, honor, moral -- La victoria -- La verdad -- Justicia -- Meditaciones -- El pueblo -- Religión -- Honradez -- Experiencia -- Traición -- El trabajo -- Relaciones internacionales -- Estudios -- El ahorro -- La muerte --
590 _aInventariado, 2019/LP
600 1 0 _aFernández Domínguez, Rafael Tomás,
_d1934-1965
_919048
650 0 _a
_912155
651 4 _aRepública Dominicana
_xHistoria
_yRevolución, 1965
_92167
700 1 _aLachapelle Díaz, Héctor,
_d1939-
_ecomp.
_938713
700 1 _aLebrón Saviñon, Mariano
_d1922-2014
_epról.
_97227
910 _aValidado. Control de calidad MFF
942 _2ddc
_cLBS1
999 _c47725
_d47725